Statistiques concernant Les adversaires de l'Equipe de France en Coupe du monde (phases finales)

Cliquez ici pour prendre le quiz!

Statistiques générales

  • Ce quiz a été pris 172 fois
  • Le résultat moyen est 19 sur 22

Statistiques - réponses

EditionParcoursAdversaireScore% Correct
1986Quarts de finaleBrésil1-1 (4-3 tab)
100%
1998FinaleBrésil3-0
100%
1958Demi-finalesBrésil2-5
100%
2006Quarts de finaleBrésil1-0
100%
2014Quarts de finaleAllemagne0-1
99%
1958Troisième placeAllemagne6-3
99%
1982Demi-finalesAllemagne3-3 (4-5 tab)
99%
1986Demi-finalesAllemagne0-2
99%
1998Quarts de finaleItalie0-0 (4-3 tab)
99%
1986Huitièmes de finaleItalie2-0
99%
2006FinaleItalie1-1 (3-5 tab)
99%
1938Quarts de finaleItalie1-3
99%
1998Demi-finalesCroatie2-1
97%
2006Huitièmes de finaleEspagne3-1
96%
2006Demi-finalesPortugal1-0
94%
2014Huitièmes de finaleNigeria2-0
85%
1998Huitièmes de finaleParaguay1-0 b.e.o.
79%
1986Troisième placeBelgique4-2 a.p.
77%
1938Huitièmes de finaleBelgique3-1
77%
1982Troisième placePologne2-3
60%
1934Huitièmes de finaleAutriche2-3 a.p.
43%
1958Quarts de finaleIrlande du Nord4-0
23%

Distribution des résultats

Percentile par nombre de réponses

% des personnes avec chaque résultat

Votre développement - résultats

Vous n’avez pas pris ce quiz